| 000 | 00678nam a2200217Ia 4500 | ||
|---|---|---|---|
| 005 | 20250326144704.0 | ||
| 008 | 250326s9999 xx 000 0 und d | ||
| 020 | _a978-1-84628-878-4 | ||
| 037 | _aTextbook | ||
| 040 |
_aFMSL _beng _cFMSL |
||
| 041 |
_aeng _2eng |
||
| 084 |
_aL:14obD658(2:55) P8 _qFMSL |
||
| 100 |
_aHubner Ursula _9750005 |
||
| 245 | 0 |
_aE-Business in healthcare : From eprocurement to supply chain managment _cHubner Ursula; Elmhorst Marc A |
|
| 260 |
_aGermany _bGermany, Springer _c2008 |
||
| 300 | _axxviii,324 | ||
| 365 | _b3281.0645 | ||
| 650 | _aManagement | ||
| 942 |
_cTB _hL:14obD658(2:55) P8 |
||
| 999 |
_c1304633 _d1304633 |
||